| 000 | 01058cam a2200241 4500 | ||
|---|---|---|---|
| 008 | 020418n2003 000 0 eng u | ||
| 020 | _a0632064137 | ||
| 035 | _a(Sirsi) u117561 | ||
| 041 | _aeng. | ||
| 050 |
_a333.72 _c18 |
||
| 100 | _aGraham, Peter | ||
| 245 | _aBuilding ecology : first principles for a sustainable built environment | ||
| 260 |
_aOxford _bBlackwell Science _c2003 |
||
| 300 |
_axiv, 290p. _bill. _c24cm. |
||
| 350 | _a29.99 | ||
| 520 | _aOffers a holistic view of ecologically sustainable building by drawing on established areas of knowledge, demonstrating their relevance to the environmentally-conscious building professional and putting the process, product and impact of building into context. Includes details of case studies, which illustrate how sustainable principles have been successfully applied. | ||
| 650 | _aBUILDING ECOLOGY | ||
| 650 | _aSUSTAINABLE DEVELOPMENT | ||
| 650 | _aECOLOGICAL CONSIDERATIONS | ||
| 650 |
_aEnvironment _96238 |
||
| 690 | _aBUILT ENVIRONMENT-SUSTAINABLE CONSTRUCTION | ||
| 942 | _n0 | ||
| 999 |
_c102023 _d102023 |
||